Effect of different transplanting space on the growth and yield of rice variety sen pidao,(ឥទ្ធិពលនៃការស្ទូងដែលមានចន្លោះគុម្ពខុសៗគ្នាទៅលើការលូតលាស់ និងទិន្នផលស្រូវសែនពិដោរ) (Record no. 586)

000 -LEADER
fixed length control field 00692nam a22001577a 4500
003 - CONTROL NUMBER IDENTIFIER
control field OSt
005 - DATE AND TIME OF LATEST TRANSACTION
control field 20150916161102.0
008 - FIXED-LENGTH DATA ELEMENTS--GENERAL INFORMATION
fixed length control field 150916b xxu||||| |||| 00| 0 eng d
040 ## - CATALOGING SOURCE
Transcribing agency RUA
082 ## - DEWEY DECIMAL CLASSIFICATION NUMBER
Classification number AGR RAT 2004 B029 Or.1
100 ## - MAIN ENTRY--PERSONAL NAME
9 (RLIN) 611
Personal name RATH PHEARUTH
245 ## - TITLE STATEMENT
Title Effect of different transplanting space on the growth and yield of rice variety sen pidao,(ឥទ្ធិពលនៃការស្ទូងដែលមានចន្លោះគុម្ពខុសៗគ្នាទៅលើការលូតលាស់ និងទិន្នផលស្រូវសែនពិដោរ)
260 ## - PUBLICATION, DISTRIBUTION, ETC. (IMPRINT)
Place of publication, distribution, etc. phnom penh
Name of publisher, distributor, etc. RUA
Date of publication, distribution, etc. 2004
300 ## - PHYSICAL DESCRIPTION
Extent xiii,55p.
Dimensions ill.
Size of unit 29cm.
942 ## - ADDED ENTRY ELEMENTS (KOHA)
Source of classification or shelving scheme
Koha item type AGR
Holdings
Price effective from Date last seen Permanent Location Not for loan Date acquired Date last checked out Source of classification or shelving scheme Total Checkouts Koha item type Barcode Lost status Damaged status Withdrawn status Current Location Full call number
2015-09-162015-09-16Library Block B 2015-09-16   AGRRUA001094   Library Block BAGR RAT 2004 B029 Or.1
2015-09-162015-09-16Library Block B 2015-09-16   AGRRUA001455   Library Block BAGR RAT 2004 B029 Or.2
2015-09-162018-10-26Library Block B 2015-09-162018-10-19 1AGRRUA001383   Library Block BAGR RAT 2004 B029 Or.3
មជ្ឈមណ្ឌលឯការនៃសាកលវិទ្យាល័យភូមិន្ទកសិកម្មចំការដូង

Powered by Koha